01301nam a22002057a 4500003000900000005001700009008004100026040002800067100004300095245022000138260004100358300002300399502019000422504005300612505018500665700004800850700003300898700004600931830011800977DO-SdBJH20240927135055.0240927b |||||||| |||| 00| 0 spa d aDO-SdBJHbspacDO-SdBJH1 aCabrera, Ramón Emmanuelesustentante10aIncidencia de los estándares del sistema de gestión de calidad en la FARD año 2019-2021 / c Ramón Emmanuel Cabrera, Franklin de los Santos Veras, asesores Alex De los Santos, Tebi E. Rodríguez Hernández aSanto Domingo Este :bINSUDE, c2022 aviii, 54 páginas aTrabajo de grado (Licenciatura en Ciencias Aeronáuticas) -- Instituto Superior para la Defensa (INSUDE). -- Academia Aérea Gral. De Brigada Piloto Frank Andrés Feliz Miranda, 2022 aIncluye referencias bibliográficas e índices aAntecedentes históricos sistema de gestión de calidad. -- Estándares del sistema de gestión de calidad en la FARD. -- Mejoras del sistema de gestión de calidad en la FARD1 aFranklin de los Santos Veras, esustentante1 aDe los Santos, Alex easesor1 aRodríguez Hernández, Tebi E. easesor aINSUDE. Academia Aérea Gral. De Brig. Pil. Frank Andrés Feliz Miranda. Tesis y disertaciones académicas